000
00232nam a22000857a 4500
999
_c
509387
_d
509387
100
_a
Government of Tripura
_9
5117
245
_a
Tripura winning awards and recognitions
260
_a
Agartala
_b
Government of Tripura
_c
2012
300
_a
24p.